Normal view MARC view
  • Make Stuff

Entry Topical Term

Number of records used in: 1

001 - CONTROL NUMBER

  • control field: 122900

003 - CONTROL NUMBER IDENTIFIER

  • control field: NUST

005 - DATE AND TIME OF LATEST TRANSACTION

  • control field: 20240523143813.0

008 - FIXED-LENGTH DATA ELEMENTS

  • fixed length control field: 240523|| aca||aabn | a|a d

040 ## - CATALOGING SOURCE

  • Original cataloging agency: NUST
  • Transcribing agency: NUST

150 ## - HEADING--TOPICAL TERM

  • Topical term or geographic name entry element: Make Stuff

670 ## - SOURCE DATA FOUND

  • Source citation: Work cat.: (NUST): Make Stuff 122899, Over 60 cool make make it wear it love it, 2013
© 2023 Central Library, National University of Sciences and Technology. All Rights Reserved.